000 00387 a2200169 4500
001 067833
003 OSt
005 20220106123439.0
008
082 _a808.042076
_bH27L
100 1 _aHaslam, Sara
245 1 _aLife writing
_cby Sara Haslam
260 _aLondon
_bRoutledge
_c2009
300 _a189p.
653 _aEnglish
942 _2ddc
_cBK
999 _c1691
_d1691